Ciudades más peligrosas de Europa - Estadísticas

Estadísticas generales
  • Esta prueba ha sido intentada 237 veces
  • La puntuación promedio es 11 de 22
Estadísticas de respuestas
índice de Criminalidad País Ciudad % Correcto
53,02 Reino Unido Londres
94%
54,14 Francia París
93%
51,99 Italia Roma
89%
58,29 Italia Nápoles
86%
59,99 Francia Marsella
84%
56,29 Reino Unido Manchester
82%
53,51 Grecia Atenas
77%
61,17 Bielorrusia Minsk
69%
59,71 Reino Unido Birmingham
67%
65,27 Francia Niza
52%
53,51 Suecia Malmo
49%
51,32 Italia Turín
45%
54,99 Francia Nantes
40%
50,44 España Bilbao
39%
61,96 Italia Catania
29%
54,14 Ucrania Odessa
29%
59,74 Francia Montpellier
25%
52,73 Ucrania Dnipro
14%
67,28 Reino Unido Bradford
7%
64,55 Reino Unido Coventry
5%
53,57 Francia Grenoble
5%
56,48 Irlanda Drogheda
2%
No se encontraron pruebas coincidentes
Distribución de puntuación
Porcentaje de gente con cada puntuación
Porcentaje por número respondido
Historial de tus puntuaciones
No has intentado esta prueba.